Google transalate languages starting with T - Statistics

General Stats
  • This quiz has been taken 32 times
  • The average score is 5 of 9
Answer Stats
Answer % Correct
Turkish
97%
Turkmen
74%
Thai
71%
Tajik
68%
Tamil
68%
Telugu
45%
Tatar
19%
Tsonga
19%
Tigrinia
10%
No matching quizzes found
Score Distribution
Percent of People with Each Score
Percentile by Number Answered
Your Score History
You have not taken this quiz